<?xml version="1.0" encoding="UTF-8"?>
<record
    xmlns:xsi="http://www.w3.org/2001/XMLSchema-instance"
    xsi:schemaLocation="http://www.loc.gov/MARC21/slim http://www.loc.gov/standards/marcxml/schema/MARC21slim.xsd"
    xmlns="http://www.loc.gov/MARC21/slim">

  <leader>00596nam a22001337a 4500</leader>
  <datafield tag="040" ind1=" " ind2=" ">
    <subfield code="c">RUA</subfield>
  </datafield>
  <datafield tag="082" ind1=" " ind2=" ">
    <subfield code="a">LMA KHI 2013 B317 Or.1</subfield>
  </datafield>
  <datafield tag="100" ind1=" " ind2=" ">
    <subfield code="a">KHIM, PRATHNA.</subfield>
  </datafield>
  <datafield tag="245" ind1=" " ind2=" ">
    <subfield code="a">Study on key foundations of land market in phnom penh, &#x179F;&#x17B7;&#x1780;&#x17D2;&#x179F;&#x17B6;&#x17A2;&#x17C6;&#x1796;&#x17B8;&#x1798;&#x17BC;&#x179B;&#x178A;&#x17D2;&#x178B;&#x17B6;&#x1793;&#x1782;&#x17D2;&#x179A;&#x17BA;&#x17C7;&#x179F;&#x17C6;&#x1781;&#x17B6;&#x1793;&#x17CB;&#x17D7;&#x178A;&#x17C2;&#x179B;&#x1791;&#x17B8;&#x1795;&#x17D2;&#x179F;&#x17B6;&#x179A;&#x178A;&#x17B8;&#x1792;&#x17D2;&#x179B;&#x17B8;&#x1793;&#x17C5;&#x179A;&#x17B6;&#x1787;&#x1792;&#x17B6;&#x1793;&#x17B8;&#x1797;&#x17D2;&#x1793;&#x17C6;&#x1796;&#x17C1;&#x1789;</subfield>
  </datafield>
  <datafield tag="260" ind1=" " ind2=" ">
    <subfield code="a">Phnom Penh</subfield>
    <subfield code="b">RUA</subfield>
    <subfield code="c">2013</subfield>
  </datafield>
  <datafield tag="300" ind1=" " ind2=" ">
    <subfield code="a">xi; 42p.</subfield>
    <subfield code="b">ill.</subfield>
    <subfield code="c">29cm.</subfield>
  </datafield>
  <datafield tag="856" ind1=" " ind2=" ">
    <subfield code="u">https://drive.google.com/file/d/1O18u8ldo7i4SK_Xe35nuc3cR9u-mqo49/view?usp=sharing</subfield>
  </datafield>
  <datafield tag="942" ind1=" " ind2=" ">
    <subfield code="c">LMA</subfield>
  </datafield>
  <datafield tag="999" ind1=" " ind2=" ">
    <subfield code="c">5610</subfield>
    <subfield code="d">5610</subfield>
  </datafield>
  <datafield tag="952" ind1=" " ind2=" ">
    <subfield code="0">0</subfield>
    <subfield code="1">0</subfield>
    <subfield code="2">ddc</subfield>
    <subfield code="4">0</subfield>
    <subfield code="6">LMA_KHI_2013_000000000000000_B317_OR_1</subfield>
    <subfield code="7">0</subfield>
    <subfield code="9">30443</subfield>
    <subfield code="a">LBB</subfield>
    <subfield code="b">LBB</subfield>
    <subfield code="c"> 	B317</subfield>
    <subfield code="d">2016-01-05</subfield>
    <subfield code="l">1</subfield>
    <subfield code="o">LMA KHI 2013 B317 Or.1</subfield>
    <subfield code="p">RUA010403</subfield>
    <subfield code="r">2019-12-27</subfield>
    <subfield code="s">2019-11-27</subfield>
    <subfield code="w">2016-01-05</subfield>
    <subfield code="y">LMA</subfield>
  </datafield>
  <datafield tag="952" ind1=" " ind2=" ">
    <subfield code="0">0</subfield>
    <subfield code="1">0</subfield>
    <subfield code="2">ddc</subfield>
    <subfield code="4">0</subfield>
    <subfield code="6">LMA_KHI_2013_000000000000000_B317_OR_2</subfield>
    <subfield code="7">0</subfield>
    <subfield code="9">30444</subfield>
    <subfield code="a">LBB</subfield>
    <subfield code="b">LBB</subfield>
    <subfield code="c"> 	B317</subfield>
    <subfield code="d">2016-01-05</subfield>
    <subfield code="o">LMA KHI 2013 B317 Or.2</subfield>
    <subfield code="p">RUA010475</subfield>
    <subfield code="r">2016-01-05</subfield>
    <subfield code="w">2016-01-05</subfield>
    <subfield code="y">LMA</subfield>
  </datafield>
  <datafield tag="952" ind1=" " ind2=" ">
    <subfield code="0">0</subfield>
    <subfield code="1">0</subfield>
    <subfield code="2">ddc</subfield>
    <subfield code="4">0</subfield>
    <subfield code="6">LMA_KHI_2013_000000000000000_B317_OR_3</subfield>
    <subfield code="7">0</subfield>
    <subfield code="9">30445</subfield>
    <subfield code="a">LBB</subfield>
    <subfield code="b">LBB</subfield>
    <subfield code="c"> 	B317</subfield>
    <subfield code="d">2016-01-05</subfield>
    <subfield code="o">LMA KHI 2013 B317 Or.3</subfield>
    <subfield code="p">RUA010547</subfield>
    <subfield code="r">2016-01-05</subfield>
    <subfield code="w">2016-01-05</subfield>
    <subfield code="y">LMA</subfield>
  </datafield>
  <datafield tag="952" ind1=" " ind2=" ">
    <subfield code="0">0</subfield>
    <subfield code="1">0</subfield>
    <subfield code="2">ddc</subfield>
    <subfield code="4">0</subfield>
    <subfield code="6">LMA_KHI_2013_000000000000000_B317_OR_4</subfield>
    <subfield code="7">0</subfield>
    <subfield code="9">30446</subfield>
    <subfield code="a">LBB</subfield>
    <subfield code="b">LBB</subfield>
    <subfield code="c"> 	B317</subfield>
    <subfield code="d">2016-01-05</subfield>
    <subfield code="l">1</subfield>
    <subfield code="o">LMA KHI 2013 B317 Or.4</subfield>
    <subfield code="p">RUA010331</subfield>
    <subfield code="r">2017-10-13</subfield>
    <subfield code="s">2017-09-29</subfield>
    <subfield code="w">2016-01-05</subfield>
    <subfield code="y">LMA</subfield>
  </datafield>
  <datafield tag="952" ind1=" " ind2=" ">
    <subfield code="0">0</subfield>
    <subfield code="1">0</subfield>
    <subfield code="2">ddc</subfield>
    <subfield code="4">0</subfield>
    <subfield code="6">LMA_KHI_2013_000000000000000_B317_OR_5</subfield>
    <subfield code="7">0</subfield>
    <subfield code="9">30447</subfield>
    <subfield code="a">LBB</subfield>
    <subfield code="b">LBB</subfield>
    <subfield code="c"> 	B317</subfield>
    <subfield code="d">2016-01-05</subfield>
    <subfield code="o">LMA KHI 2013 B317 Or.5</subfield>
    <subfield code="p">RUA010548</subfield>
    <subfield code="r">2016-01-05</subfield>
    <subfield code="w">2016-01-05</subfield>
    <subfield code="y">LMA</subfield>
  </datafield>
  <datafield tag="952" ind1=" " ind2=" ">
    <subfield code="0">0</subfield>
    <subfield code="1">0</subfield>
    <subfield code="2">ddc</subfield>
    <subfield code="4">0</subfield>
    <subfield code="6">LMA_KHI_2013_000000000000000_B317_OR_6</subfield>
    <subfield code="7">0</subfield>
    <subfield code="9">30448</subfield>
    <subfield code="a">LBB</subfield>
    <subfield code="b">LBB</subfield>
    <subfield code="c"> 	B317</subfield>
    <subfield code="d">2016-01-05</subfield>
    <subfield code="o">LMA KHI 2013 B317 Or.6</subfield>
    <subfield code="p">RUA010476</subfield>
    <subfield code="r">2016-01-05</subfield>
    <subfield code="w">2016-01-05</subfield>
    <subfield code="y">LMA</subfield>
  </datafield>
</record>
